Morceaux de Ninho - Mort Subite - Statistiques

Statistiques générales
  • Ce quiz a été pris 482 fois
  • Le résultat moyen est 10 sur 16
Answers on the Grid
Answers color-coded by a green-red scale on the quiz's grid according to % correct below.
Bunker
Chrome noir
J’écoute pas
Ferme-la
Saleté
Deuxième charge
Pied sur la nuque
J’peux t’éteindre
Zone interdite
Plan de coupe
R.A.S.
Volée de plomb
Retrait bancaire
Cache thermique
J’donne pas l’heure
T’as signé où ?
Tout ira mieux
Somnambule
Sourire
Chino
Carbozo
Comme prévu
Toutes options
Bavard
Vrais
Paris c'est magique
Jusqu'à minuit
Jamais
Arme de poing
Tu sais qu'on est gang
Filon
La vie de Johnny
 
Statistiques - réponses
Réponse % Correct
Vrais
83%
Filon
80%
Arme de poing
74%
Tout ira mieux
72%
Jusqu'à minuit
71%
La vie de Johnny
70%
Comme prévu
69%
Paris c'est magique
69%
Sourire
68%
Bavard
63%
Jamais
62%
Carbozo
56%
Chino
55%
Tu sais qu'on est gang
47%
Somnambule
39%
Toutes options
35%
Aucun quiz correspondant
Distribution des résultats
% des personnes avec chaque résultat
Percentile par nombre de réponses
Votre historique - résultats
Vous n’avez pas pris ce quiz